000 00951nam a22003017a 4500
001 BR7303876
003 BR-BrBNA
005 20230928084007.0
007 ta
008 230509b bl.||||| |||| 00| 0 por d
040 _aBR-BrBNA
_bpor
_cBiblioteca Nacional de Agricultura
041 _a(Por)
072 _aF00; F30; F25
_b0150
_b1580
_b/G514
090 _ 0150 BR7303876
110 1 _aSuperintendencia do Desenvolvimento do Nordeste, Recife, PE (Brasil). Div. de Pesquisa e Experimentacao Agropecuaria
245 1 _aRelatorio da secao de culturas alimentares; arroz, batata doce, periodo; 1967 a 1971 [Nordeste; Brasil]
_bv. 1
260 3 _aRecife, PE (Brasil):
_c1974.
300 _a59 p.
500 _a48 tables
650 _aARROZ
650 _aBATATA DOCE
650 _aADUBACAO
650 _aPRATICA CULTURAL
650 _aCOMPETICAO DE VARIEDADE
650 _aRENDIMENTO
909 _a202309
_bLucia
_c55
_dLucia Elande
942 _cBK
999 _c16206
_d16206